000 00241nam a2200109Ia 4500
008 190216s9999||||xx |||||||||||||| ||und||
100 _aGopinathan K
245 0 _aChithi
260 _bCurrent Books
650 _aMalayalam Novel
942 _cBK
999 _c24632
_d24632